| 000 | 01051cam a22003253a 4500 | ||
|---|---|---|---|
| 001 | 34219 | ||
| 003 | PGUSA | ||
| 005 | 20140828083734.0 | ||
| 008 | 101106s2010||||xxu|||||s|||||000 1 eng d | ||
| 040 |
_aPGUSA _beng |
||
| 042 | _adc | ||
| 050 | 4 | _aPZ | |
| 100 | 1 |
_aNesbit, E. _q(Edith), _d1858-1924 |
|
| 245 | 1 | 4 |
_aThe Enchanted Castle _h[electronic resource] / _cE. Nesbit |
| 260 |
_bProject Gutenberg, _c2010 |
||
| 506 | _aPublic domain in the USA. | ||
| 516 | _aElectronic text | ||
| 653 | _aBrothers and sisters -- Juvenile fiction | ||
| 653 | _aMagic -- Juvenile fiction | ||
| 653 | _aGreat Britain -- History -- Edward VII, 1901-1910 -- Juvenile fiction | ||
| 653 | _aFriendship -- Juvenile fiction | ||
| 653 | _aRings -- Juvenile fiction | ||
| 653 | _aFantasy fiction, English | ||
| 653 | _aCastles -- Juvenile fiction | ||
| 653 | _aWishes -- Juvenile fiction | ||
| 700 | 1 |
_aMillar, H. R. _q(Harold Robert), _d1869-1942 |
|
| 830 | 0 |
_aProject Gutenberg _v34219 |
|
| 856 | 4 | 0 | _uhttp://www.gutenberg.org/ebooks/34219 |
| 942 | _cEB | ||
| 999 |
_c263474 _d263474 |
||